The Search (Record no. 4720)

MARC details
000 -LEADER
fixed length control field 00413nam a22001577a 4500
008 - FIXED-LENGTH DATA ELEMENTS--GENERAL INFORMATION
fixed length control field 260428b |||||||| |||| 00| 0 eng d
020 ## - INTERNATIONAL STANDARD BOOK NUMBER
ISBN 9781293772
100 ## - MAIN ENTRY--AUTHOR
Author Chukwuemeka Ike
245 ## - TITLE STATEMENT
Title The Search
260 ## - PUBLICATION, DISTRIBUTION, ETC. (IMPRINT)
Place of publication Ibadan
Name of publisher HEBN Publishers Plc
Date of publication 1991
300 ## - COLLATION
Pagination iv, 238p.
650 ## - TRACINGS
Main Subject English Literature
Subdivision (1st) African literature in English
942 ## - ADDED ENTRY ELEMENTS (KOHA)
Item type Books
050 ## - LIBRARY OF CONGRESS CALL NUMBER
Classification number PR9387.9
Item number .I43
Holdings
Source of classification or shelving scheme Not for loan Permanent location Current location Date acquired Accession No. Full call number Barcode. Copy number Koha item type
Library of Congress Classification   Samuel Ogbemudia Main Library, University of Abuja Samuel Ogbemudia Main Library, University of Abuja 04/28/2026 2026/72034-39 PR9387.9 .I43 2026-0217 6 Books